00556 2200205 4500001002100000005001500021035002000036007000300056008004100059020002200100082000800122084001400130100003100144245005400175260004300229300001700272650002400289856002100313990001600334INLIS00000000000815120260205093413 a0010-0126000148ta260205 0 ind  a978-623-6913-00-0 a658 a658 CAT p0 aCatharina Vista Okta Frida1 aPengantar Manajemen /cCatharina Vista Okta Frida aYogyakarta :bGOSYEN PUBLISHING,c2021 a208 ;c24cm. 4aPengantar Manajemen aALUMNI MANAJEMEN a00000013744